000 01073nam a22002177a 4500
003 SEM
005 20260401114439.0
008 260401s2016 ||||gr||||||01|0|arm|d
022 _a2371235X
040 _aSEM
_cSEM
041 _aarm
_aeng
_afr
082 _a281.62(058)/Հ-24
245 _aՀայաստանյայց Առաքելական Սուրբ եկեղեցւոյ Գանատահայոց թեմի 2016 թուականի տարեգիրք = 2016 diocesan yearbook of the diocese of Canada of the Armenian holy apostolic church = Annuaire Diocésain 2016 du Diocèse du Canada de la Sainte église apostolique arménienne /
246 _a2016 diocesan yearbook of the diocese of Canada of the Armenian holy apostolic church /
246 _aAnnuaire Diocésain 2015 du Diocèse du Canada de la Sainte église apostolique arménienne /
260 _aԿանադա ։
_bQuebec,
_c2016․
300 _a144 էջ ;
_bլուսանկ․ ;
_c28 սմ
650 _aՀայ եկեղեցի
_xտարեգիրք
_xԿանադահայոց թեմ
653 _aՍԷՄ
942 _2ddc
_cBK
_n0
999 _c77225
_d77225